[Event "2.BLN 1617 Hamburger SK - SF Berlin"]
[Site "?"]
[Date "2016.11.19"]
[Round "4.8"]
[White "Groetzbach, Julian"]
[Black "Hoffmann, Udo"]
[Result "1-0"]
[WhiteElo "2213"]
[BlackElo "2242"]
[PlyCount "57"]
[EventDate "2016.??.??"]

1. Nf3 c5 2. c4 Nf6 3. g3 b6 4. Bg2 Bb7 5. O-O g6 6. Nc3 Bg7 7. Re1 Ne4 8. Nxe4
Bxe4 9. d3 Bb7 10. e4 d6 11. Rb1 Nc6 12. Be3 e5 13. h4 O-O 14. h5 f5 15. hxg6
f4 16. gxh7+ Kxh7 17. Bd2 Bh6 18. Bh3 Bc8 19. Bxc8 Rxc8 20. Kg2 Qf6 21. Rh1 Kg8
22. Rh5 Bg7 23. gxf4 exf4 24. Qh1 Qe6 25. Rg1 Nd4 26. Bc3 Rf7 27. Bxd4 cxd4 28.
Kf1 Re7 29. Rh8+ 1-0

[Event "2.BLN 1617 Turm Kiel - Rotation Pankow"]
[Site "?"]
[Date "2017.01.15"]
[Round "4.1"]
[White "Rietze, Clemens"]
[Black "Glud, Jakob Vang"]
[Result "0-1"]
[WhiteElo "2323"]
[BlackElo "2514"]
[PlyCount "158"]
[EventDate "2017.??.??"]

1. d4 d5 2. c4 c6 3. Nc3 Nf6 4. Nf3 e6 5. Bg5 Nbd7 6. e3 Qa5 7. Nd2 Bb4 8. Qc2
O-O 9. Be2 c5 10. O-O cxd4 11. Nb3 Qb6 12. Na4 Qc7 13. Nxd4 dxc4 14. Qxc4 Qxc4
15. Bxc4 Ne4 16. Bh4 g5 17. Bg3 a6 18. a3 Be7 19. Be2 b5 20. Bf3 Bb7 21. Nc3
Ndc5 22. Nxe4 Nxe4 23. Be5 Rfc8 24. Rac1 Rc4 25. Be2 Rc5 26. Rxc5 Nxc5 27. Rc1
Bd5 28. f3 Nd7 29. Bg3 Bf6 30. Bf2 Ne5 31. Be1 Nc4 32. Bxc4 Bxc4 33. Bc3 Rc8
34. Kf2 Bd5 35. Rd1 Be7 36. Ne2 f5 37. Rc1 Bd6 38. g3 Bb8 39. Bf6 Rxc1 40. Nxc1
h6 41. Nd3 Bc7 42. Be5 Bd8 43. b4 a5 44. Bd4 a4 45. Nc5 Kf7 46. e4 Ba8 47. Ke3
Ke7 48. Nd3 g4 49. exf5 exf5 50. fxg4 fxg4 51. Nf4 Kd6 52. Kd3 Bg5 53. Bc5+ Ke5
54. Bd4+ Kf5 55. Be3 Bf6 56. Bd4 Be4+ 57. Kc3 Bd8 58. Be3 Bb1 59. Ne2 Bf6+ 60.
Kd2 Ke4 61. Bxh6 Bd3 62. Nc3+ Kd4 63. Nd1 Bf5 64. Ne3 Be6 65. Bf4 Ke4 66. Kc2
Bd4 67. Nf1 Bb3+ 68. Kc1 Kd3 69. Nd2 Bd5 70. Nb1 Bg1 71. Be5 Bxh2 72. Nc3 Bc6
73. Kd1 Bg1 74. Kc1 Bf2 75. Nd1 Be1 76. Bf4 Bf3 77. Nb2+ Ke2 78. Nd1 Be4 79.
Be5 Bd2+ 0-1

[Event "2.BLN 1617 Turm Kiel - Rotation Pankow"]
[Site "?"]
[Date "2017.01.15"]
[Round "4.2"]
[White "Pakleza, Zbigniew"]
[Black "Dauth, Benjamin"]
[Result "1-0"]
[WhiteElo "2480"]
[BlackElo "2318"]
[PlyCount "61"]
[EventDate "2017.??.??"]

1. e4 e5 2. Nf3 Nc6 3. d4 exd4 4. Nxd4 d6 5. Nc3 Nf6 6. Bc4 Be7 7. O-O O-O 8.
Re1 Nxd4 9. Qxd4 b6 10. Bg5 h6 11. Bh4 Bb7 12. Rad1 Qc8 13. h3 Ba6 14. Bxa6
Qxa6 15. e5 dxe5 16. Qxe5 Bd8 17. Qf5 c6 18. Bg3 b5 19. a3 Ba5 20. Be5 Bxc3 21.
Bxc3 Nd5 22. Bd4 Qc8 23. Qf3 Re8 24. b3 Rxe1+ 25. Rxe1 Qd7 26. Qg3 f5 27. Re6
f4 28. Qg4 Kf8 29. c4 bxc4 30. bxc4 Nb6 31. Bxb6 1-0

[Event "2.BLN 1617 Turm Kiel - Rotation Pankow"]
[Site "?"]
[Date "2017.01.15"]
[Round "4.3"]
[White "Bruchmann, Stephan"]
[Black "Hoi, Carsten"]
[Result "0-1"]
[WhiteElo "2279"]
[BlackElo "2385"]
[PlyCount "56"]
[EventDate "2017.??.??"]

1. e4 g6 2. d4 Bg7 3. Nc3 d6 4. Be3 c6 5. Qd2 b5 6. h3 Nf6 7. Bd3 Nbd7 8. Nf3
e5 9. dxe5 dxe5 10. a4 b4 11. Na2 a5 12. c3 c5 13. O-O O-O 14. Qe2 Bb7 15. Nd2
Qe7 16. cxb4 cxb4 17. Nc1 Nh5 18. g3 Nc5 19. Bxc5 Qxc5 20. Ncb3 Qa7 21. Kh2
Rad8 22. Rac1 Bc8 23. Bb5 Bh6 24. Rc2 Qe7 25. Re1 Nf4 26. Qf1 Bxh3 27. Qg1 Be6
28. Nc5 Qh4+ 0-1

[Event "2.BLN 1617 Turm Kiel - Rotation Pankow"]
[Site "?"]
[Date "2017.01.15"]
[Round "4.4"]
[White "Berg, Klaus"]
[Black "Neumeier, Lars"]
[Result "0-1"]
[WhiteElo "2348"]
[BlackElo "2348"]
[PlyCount "52"]
[EventDate "2017.??.??"]

1. c4 Nf6 2. Nc3 g6 3. e4 d6 4. d4 Bg7 5. f3 O-O 6. Be3 e5 7. Nge2 Nbd7 8. d5
Ne8 9. Qd2 f5 10. O-O-O a6 11. exf5 gxf5 12. g4 f4 13. Bf2 b5 14. cxb5 Nb6 15.
Kb1 Nf6 16. Bxb6 cxb6 17. g5 Bf5+ 18. Ka1 Nd7 19. h4 axb5 20. Nc1 b4 21. Ne4
Nc5 22. Bd3 Bxe4 23. Bxe4 b3 24. a3 Ra4 25. Rhe1 Qe8 26. Nd3 Nxd3 0-1

[Event "2.BLN 1617 Turm Kiel - Rotation Pankow"]
[Site "?"]
[Date "2017.01.15"]
[Round "4.5"]
[White "Seils, Joerg"]
[Black "Boe, Mads"]
[Result "1-0"]
[WhiteElo "2318"]
[BlackElo "2327"]
[PlyCount "119"]
[EventDate "2017.??.??"]

1. e4 c6 2. d4 d5 3. Nc3 dxe4 4. Nxe4 Bf5 5. Ng3 Bg6 6. Nf3 Nf6 7. h4 h6 8. h5
Bh7 9. Bd3 Bxd3 10. Qxd3 e6 11. Bd2 c5 12. Ne4 cxd4 13. Nxf6+ gxf6 14. Nxd4 Bc5
15. Bc3 Bxd4 16. Qxd4 Qxd4 17. Bxd4 e5 18. Be3 Nc6 19. O-O-O Rd8 20. c3 b6 21.
a4 f5 22. g3 Ke7 23. Rxd8 Nxd8 24. a5 Ne6 25. axb6 f4 26. gxf4 exf4 27. Bd4
Nxd4 28. cxd4 axb6 29. Kd2 Rd8 30. Kd3 Rd5 31. f3 Rb5 32. Rh2 Ke6 33. Ke4 Rd5
34. Rc2 Rxh5 35. Rc6+ Ke7 36. Rxb6 Rh1 37. Kxf4 h5 38. Kf5 Rd1 39. Rb7+ Ke8 40.
Ke5 Re1+ 41. Kf6 Re6+ 42. Kg5 Rd6 43. Kxh5 Rxd4 44. Kg5 Kf8 45. f4 Kg7 46. b4
Rd1 47. b5 Rd5+ 48. f5 Rc5 49. b6 Rb5 50. Rb8 Ra5 51. Rc8 Rb5 52. Rc6 Rb1 53.
f6+ Kh7 54. Kf5 Re1 55. Rc7 Rf1+ 56. Ke5 Kg6 57. Rc6 Re1+ 58. Kd5 Kf5 59. Kc5
Ke5 60. b7 1-0

[Event "2.BLN 1617 Turm Kiel - Rotation Pankow"]
[Site "?"]
[Date "2017.01.15"]
[Round "4.6"]
[White "Junge, Ralph"]
[Black "Steinhagen, Bernd"]
[Result "1-0"]
[WhiteElo "2271"]
[BlackElo "2267"]
[PlyCount "97"]
[EventDate "2017.??.??"]

1. d4 d5 2. c4 e6 3. Nc3 Nf6 4. cxd5 exd5 5. Bg5 c6 6. e3 Bf5 7. Qf3 Bg6 8.
Bxf6 Qxf6 9. Qxf6 gxf6 10. Nge2 Nd7 11. Ng3 Bd6 12. f4 h5 13. h4 O-O-O 14. Be2
Nb6 15. Kf2 a6 16. Rac1 Kb8 17. Rhd1 Rde8 18. Bd3 Nc4 19. Bxc4 dxc4 20. Kf3 Bd3
21. Nce4 Be7 22. Nf2 Bh7 23. f5 b5 24. e4 Bd6 25. b3 cxb3 26. Rxc6 Bxg3 27.
Kxg3 Kb7 28. Rxf6 bxa2 29. Ra1 Ra8 30. Rxa2 a5 31. Nd3 b4 32. Nc5+ Kc7 33. Na6+
Kd7 34. Rxa5 Ke7 35. Rb6 Rhg8+ 36. Kf4 Rg4+ 37. Kf3 Rxh4 38. Nb8 Rxa5 39. Nc6+
Kf6 40. Nxa5+ Kg5 41. Nc6 Rf4+ 42. Ke3 Rg4 43. d5 Rxg2 44. d6 Rg3+ 45. Kd2 Rg2+
46. Ke3 Rg3+ 47. Kd4 Kf4 48. d7 Rg8 49. Rb8 1-0

[Event "2.BLN 1617 Turm Kiel - Rotation Pankow"]
[Site "?"]
[Date "2017.01.15"]
[Round "4.7"]
[White "Mueller, Michael"]
[Black "Budzyn, Matthias"]
[Result "1/2-1/2"]
[WhiteElo "2246"]
[BlackElo "2171"]
[PlyCount "39"]
[EventDate "2017.??.??"]

1. d4 Nf6 2. c4 g6 3. Nc3 d5 4. cxd5 Nxd5 5. e4 Nxc3 6. bxc3 Bg7 7. Be3 c5 8.
Bc4 Nc6 9. Ne2 O-O 10. O-O Qc7 11. Rc1 b6 12. f4 e6 13. Qe1 Na5 14. Bd3 c4 15.
Bb1 Qe7 16. Ng3 f5 17. Rc2 Bb7 18. Re2 Qd7 19. Bc1 Rf7 20. Rf3 {(=)} 1/2-1/2

[Event "2.BLN 1617 Turm Kiel - Rotation Pankow"]
[Site "?"]
[Date "2017.01.15"]
[Round "4.8"]
[White "Boehm, Thomas"]
[Black "Guth, Thomas"]
[Result "0-1"]
[WhiteElo "2160"]
[BlackElo "2318"]
[PlyCount "140"]
[EventDate "2017.??.??"]

1. Nf3 e6 2. d3 c5 3. g3 b6 4. Bg2 Bb7 5. O-O d6 6. Nbd2 Nd7 7. e4 Qc7 8. c3
Ngf6 9. Re1 Ne5 10. Nf1 Ng6 11. a4 a6 12. Ne3 Be7 13. Qb3 O-O 14. Nc4 Nd7 15.
Bg5 Bxg5 16. Nxg5 h6 17. Nf3 Rfb8 18. Qc2 d5 19. Ncd2 Nf6 20. Qd1 dxe4 21. dxe4
Nd7 22. Qe2 Rd8 23. Rad1 Bc6 24. b3 b5 25. axb5 axb5 26. b4 c4 27. e5 Ra2 28.
Qe3 Nb6 29. Nb1 Rxd1 30. Rxd1 Bxf3 31. Bxf3 Nxe5 32. Be4 Ned7 33. Qd4 f5 34.
Bg2 e5 35. Qh4 Nf6 36. Bh3 Qc8 37. Bf1 Nbd5 38. Qh3 Ne7 39. Qg2 Ne4 40. Qf3
Rxf2 41. Qe3 Qc6 42. Qa7 Nd5 43. Re1 Ndf6 44. Na3 Kh7 45. Qb8 Rxf1+ 46. Rxf1
Ng5 47. h4 Nf3+ 48. Rxf3 Qxf3 49. Qxe5 Ne4 50. Qf4 Qxf4 51. gxf4 Nxc3 52. Kf2
Nd5 53. Nxb5 Nxb4 54. Ke3 Nd5+ 55. Kd4 Nxf4 56. Kxc4 g5 57. hxg5 hxg5 58. Kd4
Kg6 59. Ke5 Nd3+ 60. Kd4 Nf2 61. Ke3 Ng4+ 62. Ke2 Nf6 63. Nd4 g4 64. Ke3 Nh5
65. Ne6 Kf6 66. Nf8 Kg5 67. Ne6+ Kh4 68. Nd4 f4+ 69. Kf2 Kh3 70. Ke2 Kg2 0-1

[Event "2.BLN 1617 HSK Lister Turm - Glückauf "]
[Site "?"]
[Date "2017.01.15"]
[Round "4.1"]
[White "Moranda, Wojciech"]
[Black "Schneider, Ilja"]
[Result "1/2-1/2"]
[WhiteElo "2594"]
[BlackElo "2510"]
[PlyCount "163"]
[EventDate "2017.??.??"]

1. d4 d5 2. c4 c6 3. Nc3 Nf6 4. e3 a6 5. Nf3 b5 6. b3 Bg4 7. Qc2 e6 8. Ne5 Bf5
9. Bd3 Bxd3 10. Nxd3 Nbd7 11. O-O Be7 12. c5 Qc7 13. a4 O-O 14. Ne2 e5 15. dxe5
Nxe5 16. Nxe5 Qxe5 17. Bb2 Qc7 18. Nd4 Ng4 19. g3 Bf6 20. Ra2 b4 21. a5 Rab8
22. Qe2 Qc8 23. Rc1 Bxd4 24. Bxd4 Re8 25. h3 Ne5 26. Kg2 Rb5 27. f4 Nd7 28. Qg4
Nf6 29. Qxc8 Rxc8 30. Bxf6 gxf6 31. e4 Rd8 32. Rd2 d4 33. Rc4 Rxa5 34. Rxb4
Rxc5 35. Rbxd4 Rxd4 36. Rxd4 Rc2+ 37. Kf3 Rc3+ 38. Kf2 Rxb3 39. Ra4 Rb6 40. Ke3
c5 41. Ra5 c4 42. Kd4 Rb3 43. Rxa6 Kg7 44. Kxc4 Rxg3 45. Ra1 h5 46. Kd4 h4 47.
e5 Rxh3 48. f5 fxe5+ 49. Kxe5 Rf3 50. Rh1 h3 51. Ke4 Ra3 52. Kf4 Kf6 53. Kg4
Ra8 54. Kg3 Kg5 55. Rf1 Ra3+ 56. Kh2 f6 57. Rf2 Kg4 58. Rf1 Ra2+ 59. Kg1 Kg3
60. Rb1 Rg2+ 61. Kh1 Rf2 62. Rg1+ Rg2 63. Ra1 Rf2 64. Rg1+ Kh4 65. Rg8 Rxf5 66.
Kh2 Rf2+ 67. Kh1 f5 68. Rh8+ Kg3 69. Rg8+ Kf3 70. Rh8 Re2 71. Rxh3+ Kf2 72.
Rh2+ Kf1 73. Rh3 f4 74. Rf3+ Rf2 75. Ra3 f3 76. Ra1+ Ke2 77. Ra2+ Ke3 78. Ra3+
Kf4 79. Kg1 Rg2+ 80. Kf1 Kg3 81. Ra8 Kh4 82. Rh8+ 1/2-1/2

[Event "2.BLN 1617 HSK Lister Turm - Glückauf "]
[Site "?"]
[Date "2017.01.15"]
[Round "4.2"]
[White "Hoffmann, Lukas"]
[Black "Kanarek, Marcel"]
[Result "0-1"]
[WhiteElo "2287"]
[BlackElo "2522"]
[PlyCount "98"]
[EventDate "2017.??.??"]

1. d4 Nf6 2. c4 g6 3. Nf3 Bg7 4. g3 O-O 5. Bg2 d6 6. O-O c6 7. Nc3 Qa5 8. e4 e5
9. h3 Nbd7 10. Be3 exd4 11. Bxd4 Re8 12. Re1 Nc5 13. a3 Ne6 14. Be3 Qc7 15. Nd4
a5 16. Qc2 Nxd4 17. Bxd4 Be6 18. c5 dxc5 19. Bxc5 Nd7 20. Be3 Ne5 21. Nd5 Qd7
22. Nb6 Qd3 23. Qxd3 Nxd3 24. Nxa8 Nxe1 25. Nc7 Re7 26. Nxe6 Nxg2 27. Rd1 fxe6
28. Rd8+ Kf7 29. Bc5 Bxb2 30. Kxg2 b5 31. Bxe7 Kxe7 32. Rd2 Bxa3 33. Ra2 b4 34.
Kf1 a4 35. Rc2 b3 36. Rxc6 Bb4 37. Rb6 a3 38. Rxb4 b2 39. Kg2 Kd6 40. Rb3 Ke5
41. Rxa3 b1=Q 42. Re3 g5 43. Re2 h5 44. Re3 Qd1 45. g4 hxg4 46. hxg4 Qxg4+ 47.
Kf1 Qd1+ 48. Kg2 Qd2 49. Kf3 g4+ 0-1

[Event "2.BLN 1617 HSK Lister Turm - Glückauf "]
[Site "?"]
[Date "2017.01.15"]
[Round "4.3"]
[White "Steczek, Marcin"]
[Black "Buchenau, Frank"]
[Result "1/2-1/2"]
[WhiteElo "2385"]
[BlackElo "2274"]
[PlyCount "114"]
[EventDate "2017.??.??"]

1. d4 e6 2. Nf3 Nf6 3. g3 b6 4. Bg2 Bb7 5. O-O Be7 6. a4 a5 7. Na3 O-O 8. Nc4
d6 9. c3 Nbd7 10. Re1 Bd5 11. Ncd2 Ne4 12. Qc2 f5 13. c4 Bb7 14. d5 Nxd2 15.
Bxd2 Bf6 16. Be3 Nc5 17. Red1 Qe7 18. Ne1 Rae8 19. Bxc5 bxc5 20. dxe6 Bxg2 21.
Nxg2 Qxe6 22. e3 Qe4 23. Rd3 Rb8 24. Rb1 g5 25. b3 Kg7 26. Ne1 f4 27. Rxd6 Qe7
28. Rd3 fxe3 29. fxe3 Kh8 30. Rbd1 Rbd8 31. Ng2 Rd6 32. Rxd6 cxd6 33. Qd2 Be5
34. Rf1 Rxf1+ 35. Kxf1 Qb7 36. Qd1 Qe4 37. Kf2 Kg7 38. Kg1 Kg6 39. Kf2 Qf5+ 40.
Kg1 Qe4 41. Kf1 Qf5+ 42. Ke2 Qg4+ 43. Kd2 Qxd1+ 44. Kxd1 Kf5 45. Ke2 Kg4 46.
Ne1 Kh3 47. Nd3 Bg7 48. Kf2 Kxh2 49. g4 Kh3 50. Kf3 h5 51. Nf2+ Kh4 52. gxh5
Kxh5 53. Ng4 Kh4 54. Nf2 Be5 55. Ng4 Bg7 56. Nf2 Be5 57. Ng4 Bg7 1/2-1/2

[Event "2.BLN 1617 HSK Lister Turm - Glückauf "]
[Site "?"]
[Date "2017.01.15"]
[Round "4.4"]
[White "Voege, Tobias"]
[Black "Dudzinski, Piotr"]
[Result "1-0"]
[WhiteElo "2257"]
[BlackElo "2362"]
[PlyCount "95"]
[EventDate "2017.??.??"]

1. c4 c6 2. d4 d5 3. Nc3 Nf6 4. cxd5 cxd5 5. f3 Nc6 6. e4 e6 7. e5 Nd7 8. f4 a6
9. Nf3 b5 10. Bd3 Qb6 11. Be3 g6 12. Rc1 h5 13. Qd2 Ne7 14. O-O Nf5 15. Bf2 Be7
16. Bxf5 gxf5 17. Bh4 Bxh4 18. Nxh4 Bb7 19. Nd1 b4 20. Rf3 Ke7 21. Ne3 Rhc8 22.
Nhxf5+ exf5 23. Nxf5+ Kf8 24. Rd1 a5 25. Nd6 Rc6 26. f5 Nxe5 27. Qh6+ Ke7 28.
Re3 Rxd6 29. Qg5+ f6 30. Rxe5+ Kd8 31. Qg8+ Kd7 32. Qf7+ Kc6 33. Re7 Rb8 34. a4
bxa3 35. bxa3 Qb2 36. Re6 Rxe6 37. Qxe6+ Kb5 38. a4+ Kxa4 39. Qd7+ Bc6 40.
Qxc6+ Rb5 41. Qxf6 Rc5 42. Qe6 Rc2 43. Qd7+ Ka3 44. Qxd5 a4 45. f6 Rc1 46. Qf3+
Rc3 47. Qf1 Rc8 48. f7 1-0

[Event "2.BLN 1617 HSK Lister Turm - Glückauf "]
[Site "?"]
[Date "2017.01.15"]
[Round "4.5"]
[White "Wlodarczyk, Oskar"]
[Black "Hampel, Felix"]
[Result "1/2-1/2"]
[WhiteElo "2285"]
[BlackElo "2222"]
[PlyCount "85"]
[EventDate "2017.??.??"]

1. e4 g6 2. d4 Bg7 3. Nc3 d6 4. Nf3 a6 5. a4 b6 6. Bc4 e6 7. Qe2 Ne7 8. O-O O-O
9. Bg5 h6 10. Bf4 Bb7 11. Rad1 Nd7 12. Rfe1 Nf6 13. Bd3 g5 14. Bc1 Nd7 15. h4
g4 16. Nh2 h5 17. e5 dxe5 18. dxe5 Ng6 19. Bg5 Qe8 20. f4 gxf3 21. Nxf3 Ndxe5
22. Nxe5 Nxe5 23. Qxh5 Nxd3 24. Rxd3 f6 25. Qxe8 Raxe8 26. Bf4 e5 27. Be3 f5
28. Bg5 e4 29. Rd7 Rf7 30. Red1 Be5 31. Rxf7 Kxf7 32. Ne2 Bc6 33. b3 Rg8 34.
Kf2 Bf6 35. Bxf6 Kxf6 36. g3 Ke5 37. Ke3 Be8 38. Rd8 Bf7 39. Rxg8 Bxg8 40. Nd4
Bf7 41. Nc6+ Kd6 42. Nd4 Ke5 43. Nc6+ 1/2-1/2

[Event "2.BLN 1617 HSK Lister Turm - Glückauf "]
[Site "?"]
[Date "2017.01.15"]
[Round "4.6"]
[White "Hoerstmann, Rudi"]
[Black "Sroczynski, Maciej"]
[Result "0-1"]
[WhiteElo "2229"]
[BlackElo "2294"]
[PlyCount "90"]
[EventDate "2017.??.??"]

1. d4 Nf6 2. c4 e6 3. Nc3 Bb4 4. e3 O-O 5. Bd3 d5 6. cxd5 exd5 7. Nge2 Bd6 8.
O-O c5 9. f3 Re8 10. Rf2 Nc6 11. g4 g6 12. Rg2 Bf8 13. Qf1 a6 14. Qf2 b5 15. h4
Qd6 16. h5 Be6 17. Kh1 Bg7 18. Bd2 c4 19. Bb1 b4 20. Nd1 a5 21. Ng3 a4 22. Nf5
Bxf5 23. gxf5 Nxh5 24. a3 b3 25. Nc3 Ne7 26. f4 Kh8 27. Qf3 Ra6 28. Rh2 Qd7 29.
Qg2 Rd6 30. fxg6 fxg6 31. f5 Rf6 32. Kg1 Ref8 33. fxg6 hxg6 34. Bxg6 Rxg6 35.
Rxh5+ Kg8 36. Rg5 Rxg5 37. Qxg5 Rf6 38. Nxd5 Qxd5 39. Qxd5+ Nxd5 40. Rc1 Bh6
41. Rxc4 Nxe3 42. Rc8+ Kf7 43. Bc3 Rf1+ 44. Kh2 Bf4+ 45. Kh3 Rh1# 0-1

[Event "2.BLN 1617 HSK Lister Turm - Glückauf "]
[Site "?"]
[Date "2017.01.15"]
[Round "4.7"]
[White "Szyszylo, Rafal"]
[Black "Gentemann, Moritz"]
[Result "0-1"]
[WhiteElo "2221"]
[BlackElo "2196"]
[PlyCount "78"]
[EventDate "2017.??.??"]

1. e4 c5 2. Nf3 d6 3. d4 cxd4 4. Nxd4 Nf6 5. Nc3 a6 6. f3 e5 7. Nb3 Be6 8. Be3
Be7 9. Qd2 O-O 10. O-O-O Nbd7 11. Qf2 b5 12. g4 b4 13. Ne2 a5 14. Kb1 a4 15.
Nbc1 Qa5 16. g5 Ne8 17. f4 f5 18. exf5 Bxf5 19. Ng3 exf4 20. Nxf5 Qxf5 21. Qg2
f3 22. Qg3 Ne5 23. h4 Nc7 24. Bd4 Kh8 25. Bxe5 dxe5 26. Nd3 Bd6 27. Nf2 b3 28.
Bd3 Qe6 29. Be4 bxa2+ 30. Ka1 Rab8 31. Rd3 Bc5 32. Rxf3 Rxf3 33. Qxf3 a3 34.
Nd3 Bd4 35. c3 Qb3 36. Qe2 Bxc3 37. Rh2 axb2+ 38. Nxb2 Bxb2+ 39. Qxb2 Qd1+ 0-1

[Event "2.BLN 1617 HSK Lister Turm - Glückauf "]
[Site "?"]
[Date "2017.01.15"]
[Round "4.8"]
[White "Virag, Attila Aba"]
[Black "Dudzinski, Pawel"]
[Result "1/2-1/2"]
[WhiteElo "2267"]
[BlackElo "2248"]
[PlyCount "111"]
[EventDate "2017.??.??"]

1. e4 c6 2. d4 d5 3. e5 c5 4. c3 Nc6 5. Be3 Qb6 6. Qd2 c4 7. Be2 Bf5 8. Nf3 e6
9. O-O h6 10. Nh4 Be4 11. f4 Be7 12. Nf3 f5 13. Qc1 g5 14. Nbd2 Bxf3 15. Nxf3
g4 16. Nd2 Rc8 17. Qc2 h5 18. Kh1 Nh6 19. b3 cxb3 20. Nxb3 Qc7 21. Qb2 Kf7 22.
Rac1 Na5 23. Nd2 Nc4 24. Nxc4 dxc4 25. Rb1 b6 26. a4 Rhd8 27. Qa2 Rd5 28. Rb5
a6 29. Rb2 Qc6 30. Qb1 Qxa4 31. Rxb6 Rb5 32. Rxb5 axb5 33. Rc1 Ra8 34. Kg1 Qa2
35. Kf1 Ra5 36. Qxa2 Rxa2 37. Rb1 Rc2 38. Rxb5 Rxc3 39. Kf2 g3+ 40. hxg3 Ng4+
41. Bxg4 hxg4 42. Rb2 Rb3 43. Rc2 c3 44. Ke2 Rb2 45. Kd3 Rxc2 46. Kxc2 Ke8 47.
Kxc3 Kd7 48. Kc4 Kc6 49. Bd2 Bd8 50. Bb4 Bb6 51. Bc5 Ba5 52. Bb4 Bb6 53. Bc3
Bd8 54. Bd2 Bc7 55. Be1 Bd8 56. Bb4 1/2-1/2

[Event "2.BLN 1617 SK Norderstedt - SK Zehlendo"]
[Site "?"]
[Date "2017.01.15"]
[Round "4.1"]
[White "Meister, Jakob"]
[Black "Trent, Lawrence"]
[Result "1-0"]
[WhiteElo "2426"]
[BlackElo "2453"]
[PlyCount "79"]
[EventDate "2017.??.??"]

1. c4 g6 2. d4 Bg7 3. Nc3 c5 4. d5 Bxc3+ 5. bxc3 f5 6. g4 fxg4 7. h3 g3 8. fxg3
Nf6 9. Qd3 Qa5 10. Bd2 d6 11. e4 Nbd7 12. Nf3 Nh5 13. Kf2 O-O 14. Kg2 b5 15.
cxb5 c4 16. Qd4 a6 17. Bxc4 axb5 18. Be2 Qa3 19. Rhf1 Nc5 20. Bc1 Qa4 21. Bh6
Rf6 22. Nd2 Rxf1 23. Rxf1 Nd7 24. Qxa4 bxa4 25. Rb1 Ba6 26. Bxa6 Rxa6 27. Rb7
Nhf6 28. g4 Kf7 29. Be3 Ne5 30. Bd4 Nd3 31. Kf3 a3 32. Ke3 Nb2 33. g5 Nh5 34.
c4 Nd1+ 35. Kf3 Ra4 36. e5 dxe5 37. Bxe5 Ke8 38. c5 Rh4 39. Ke2 Nb2 40. c6 1-0

[Event "2.BLN 1617 SK Norderstedt - SK Zehlendo"]
[Site "?"]
[Date "2017.01.15"]
[Round "4.2"]
[White "Bekker-Jensen, Simon"]
[Black "Malek, Daniel"]
[Result "1-0"]
[WhiteElo "2467"]
[BlackElo "2415"]
[PlyCount "125"]
[EventDate "2017.??.??"]

1. d4 Nf6 2. c4 e6 3. Nc3 Bb4 4. Nf3 c5 5. g3 Nc6 6. Bg2 Ne4 7. Bd2 Nxd2 8.
Qxd2 cxd4 9. Nxd4 Qb6 10. e3 O-O 11. a3 Be7 12. b4 d6 13. O-O a6 14. c5 dxc5
15. Nxc6 bxc6 16. Na4 Qc7 17. Nxc5 a5 18. Rab1 axb4 19. axb4 Ba6 20. Rfc1 Bb5
21. Nb3 Qb6 22. Nd4 Rfd8 23. Qc2 Ba4 24. Qe4 Rac8 25. Nxc6 Bxc6 26. Rxc6 Rxc6
27. Qxc6 Qxc6 28. Bxc6 Kf8 29. b5 Bd6 30. b6 Ke7 31. Ra1 Bb8 32. Ra7+ Kd6 33.
Be4 Rd7 34. Ra8 Rd8 35. g4 h6 36. Kg2 g5 37. b7 Ke7 38. h3 Rg8 39. Ra4 Rd8 40.
Rc4 Kd7 41. f4 Bd6 42. Kf3 Bb8 43. Rc5 Bd6 44. Rc1 Bb8 45. h4 f6 46. hxg5 hxg5
47. fxg5 fxg5 48. Bd3 Bd6 49. Ke4 Rb8 50. Bb5+ Ke7 51. Rh1 Kf6 52. Rh6+ Kf7 53.
Bc4 Re8 54. Rh7+ Kf6 55. Rd7 Bg3 56. Ba6 Rh8 57. Rd1 Rh2 58. Rb1 Rh8 59. Rb6
Ke7 60. Bc4 Bd6 61. Rc6 Rd8 62. Rc8 Kd7 63. Bxe6+ 1-0

[Event "2.BLN 1617 SK Norderstedt - SK Zehlendo"]
[Site "?"]
[Date "2017.01.15"]
[Round "4.3"]
[White "Lagunow, Raphael"]
[Black "Ostrovskiy, Andrey"]
[Result "1/2-1/2"]
[WhiteElo "2261"]
[BlackElo "2444"]
[PlyCount "81"]
[EventDate "2017.??.??"]

1. e4 e5 2. Nf3 Nc6 3. Bc4 Bc5 4. c3 Nf6 5. d3 a6 6. a4 h6 7. O-O d6 8. h3 O-O
9. Nbd2 Re8 10. Re1 Ba7 11. Nf1 Be6 12. Be3 Bxe3 13. Nxe3 Bxc4 14. Nxc4 d5 15.
exd5 Qxd5 16. Ne3 Qd7 17. Qb3 Qe6 18. Nc4 Nd7 19. Qc2 a5 20. Re2 Qd5 21. Ne3
Qd6 22. Rd1 Qg6 23. Qb3 Nb6 24. Ng4 Qe6 25. Qc2 f6 26. d4 e4 27. Nd2 f5 28. Ne3
Rad8 29. Rde1 Kh8 30. Nef1 Qa2 31. f3 Qxa4 32. b3 Qb5 33. fxe4 fxe4 34. Rxe4
Rf8 35. Ne3 a4 36. bxa4 Qxa4 37. Qb2 Qa5 38. Nec4 Nxc4 39. Nxc4 Qd5 40. Qe2 Ra8
41. Ne5 1/2-1/2

[Event "2.BLN 1617 SK Norderstedt - SK Zehlendo"]
[Site "?"]
[Date "2017.01.15"]
[Round "4.4"]
[White "Kopylov, Michael"]
[Black "Lagunow, Alexander"]
[Result "1/2-1/2"]
[WhiteElo "2429"]
[BlackElo "2423"]
[PlyCount "23"]
[EventDate "2017.??.??"]

1. e4 c5 2. Nf3 Nc6 3. d4 cxd4 4. Nxd4 Nf6 5. Nc3 d6 6. Bg5 e6 7. Qd2 a6 8.
O-O-O h6 9. Be3 Bd7 10. f4 Qc7 11. Be2 b5 12. Bf3 1/2-1/2

[Event "2.BLN 1617 SK Norderstedt - SK Zehlendo"]
[Site "?"]
[Date "2017.01.15"]
[Round "4.5"]
[White "Brodowski, Piotr"]
[Black "Petrosian, Suren"]
[Result "1/2-1/2"]
[WhiteElo "2440"]
[BlackElo "2369"]
[PlyCount "75"]
[EventDate "2017.??.??"]

1. c4 g6 2. Nc3 d6 3. g3 h5 4. h4 Bg7 5. Bg2 e5 6. Nf3 Nc6 7. O-O Bg4 8. Ng5 f6
9. Nge4 Nge7 10. Rb1 Qd7 11. Nd5 Nxd5 12. cxd5 Nd4 13. Re1 g5 14. hxg5 f5 15.
Nc3 h4 16. f3 hxg3 17. fxg4 O-O-O 18. e3 e4 19. gxf5 Qxf5 20. Nxe4 Rh2 21. Nxg3
Rxg2+ 22. Kxg2 Qxd5+ 23. e4 Qxa2 24. Qg4+ Kb8 25. Nf5 Qxb1 26. Nxg7 Qd3 27. Nf5
Nb3 28. Qf4 Qc2 29. Ne3 Qc6 30. Nd5 Nxc1 31. Re3 Qc2 32. Rc3 Qd1 33. Rxc7 Nd3
34. Qf6 Qg4+ 35. Kf1 Qd1+ 36. Kg2 Qg4+ 37. Kf1 Qd1+ 38. Kg2 1/2-1/2

[Event "2.BLN 1617 SK Norderstedt - SK Zehlendo"]
[Site "?"]
[Date "2017.01.15"]
[Round "4.6"]
[White "Krause, Benedict"]
[Black "Luch, Michal"]
[Result "1/2-1/2"]
[WhiteElo "2408"]
[BlackElo "2424"]
[PlyCount "47"]
[EventDate "2017.??.??"]

1. e4 c5 2. Nf3 e6 3. g3 Nc6 4. Bg2 Nf6 5. Qe2 d6 6. O-O Be7 7. c3 O-O 8. Rd1
Qb6 9. d4 cxd4 10. cxd4 d5 11. e5 Ne4 12. Be3 Bd7 13. Ne1 f5 14. f3 Ng5 15. Nd3
Na5 16. Nc3 Bb5 17. Nxb5 Qxb5 18. b3 Nf7 19. Rac1 Rfc8 20. Rxc8+ Rxc8 21. Rc1
Rxc1+ 22. Nxc1 Qxe2 23. Nxe2 Bb4 24. Kf2 1/2-1/2

[Event "2.BLN 1617 SK Norderstedt - SK Zehlendo"]
[Site "?"]
[Date "2017.01.15"]
[Round "4.7"]
[White "Stachowiak, Kamil"]
[Black "Kahlert, Thomas"]
[Result "1-0"]
[WhiteElo "2403"]
[BlackElo "2243"]
[PlyCount "81"]
[EventDate "2017.??.??"]

1. d4 Nf6 2. Nf3 g6 3. g3 Bg7 4. Bg2 O-O 5. O-O d5 6. c4 dxc4 7. Na3 Nc6 8.
Nxc4 Be6 9. b3 a5 10. a4 Bd5 11. e3 Nb4 12. Bb2 Be4 13. Ne1 Bxg2 14. Kxg2 Qd5+
15. f3 e6 16. e4 Qd7 17. Nd3 Nxd3 18. Qxd3 Rfd8 19. Rfd1 Ne8 20. Qc3 Qc6 21.
Rac1 Qa6 22. Qe3 b5 23. Ne5 bxa4 24. bxa4 Rab8 25. Ba3 Rb7 26. Nc6 Rd7 27. e5
Rb6 28. Qc3 Kh8 29. Kf2 Rd5 30. Qc4 Qa8 31. h4 h5 32. f4 Bh6 33. Ne7 Rd7 34. d5
Rxe7 35. Bxe7 Rb2+ 36. Kg1 Qa7+ 37. Bc5 Qb7 38. Bf2 Bf8 39. Qc6 Qxc6 40. Rxc6
exd5 41. Rxd5 1-0

[Event "2.BLN 1617 SK Norderstedt - SK Zehlendo"]
[Site "?"]
[Date "2017.01.15"]
[Round "4.8"]
[White "Meyer, Falko"]
[Black "Kalabic, Faris"]
[Result "1/2-1/2"]
[WhiteElo "2223"]
[BlackElo "2214"]
[PlyCount "54"]
[EventDate "2017.??.??"]

1. d4 Nf6 2. Nc3 d5 3. Bg5 Bf5 4. Bxf6 exf6 5. e3 Bb4 6. Nge2 c6 7. a3 Ba5 8.
Qd2 O-O 9. Ng3 Bg6 10. h4 h6 11. h5 Bxc3 12. Qxc3 Bh7 13. Bd3 Bxd3 14. Qxd3
Qa5+ 15. c3 Qa6 16. Qd1 Kh8 17. Nf5 c5 18. Qg4 Rg8 19. Qf4 cxd4 20. cxd4 Nc6
21. Nxh6 Rge8 22. Nxf7+ Kg8 23. Nd6 Nb4 24. Rd1 Nd3+ 25. Rxd3 Qxd3 26. Qf5 Qxf5
27. Nxf5 Re6 1/2-1/2